| 000 | 00371 a2200157 4500 | ||
|---|---|---|---|
| 001 | 75508 | ||
| 020 | _a978859855313-1 | ||
| 040 | _cAnchieta - Colégio São Paulo | ||
| 100 | _aCedraz, Antônio Luiz Ramos | ||
| 240 | 1 | 0 |
_aO dragão da maldade _lpor |
| 245 | 1 | 0 | _aO dragão da maldade |
| 300 | _a[16] | ||
| 362 | 0 | _a2012 | |
| 650 | 4 | _aLiteratura infantil | |
| 942 | _cBK | ||
| 999 |
_c75508 _d75508 |
||